000 00480nam a2200181 i 4500
001 31322
003 ES-MaACL
005 20251015063047.0
007 t|
008 030128s1922 fr ||||1| fre d
080 _a821.133.1-31"18"
100 1 _aBenda, Julien,
_d1867-1956
_927470
245 1 4 _aLes amorandes /
_cJulien Benda.
260 _aParĂ­s :
_b[s.n.],
_c1922 (
_fChaix)
300 _a284 p. ;
_c19 cm.
852 _aES-MaACL
_jF-4741
999 _c31322
_d31322